A HANDBOOK OF PSYCHIATRY (Record no. 4052)

MARC details
000 -LEADER
fixed length control field 00351nam a2200145Ia 4500
008 - FIXED-LENGTH DATA ELEMENTS--GENERAL INFORMATION
fixed length control field 150201s2001 xx 000 0 und d
082 ## - DEWEY DECIMAL CLASSIFICATION NUMBER
Classification number 616.8
Item number P2001S
100 ## - MAIN ENTRY--PERSONAL NAME
Personal name SHAH.L.P.
245 #2 - TITLE STATEMENT
Title A HANDBOOK OF PSYCHIATRY
250 ## - EDITION STATEMENT
Edition statement 3RD
260 ## - PUBLICATION, DISTRIBUTION, ETC. (IMPRINT)
Name of publisher, distributor, etc. VORA MEDICAL PUBLICATION
Place of publication, distribution, etc. MUMBAI
Date of publication, distribution, etc. 2001
300 ## - PHYSICAL DESCRIPTION
Extent 1-200
650 ## - SUBJECT ADDED ENTRY--TOPICAL TERM
Topical term or geographic name as entry element PSYCHIATRY
942 ## - ADDED ENTRY ELEMENTS (KOHA)
Source of classification or shelving scheme Dewey Decimal Classification
Koha item type Books
Holdings
Withdrawn status Lost status Source of classification or shelving scheme Damaged status Not for loan Home library Current library Date acquired Source of acquisition Cost, normal purchase price Serial Enumeration / chronology SGTU Bill Number Total Checkouts Full call number Barcode Date last seen Bill Date Koha item type
    Dewey Decimal Classification     SGT Dental Library SGT Dental Library 10/06/2008 U.B.S.DELHI 90.00 1 SGTU 1023   616.8 P2001S FD5294 09/02/2015 02/02/2013 Books
    Dewey Decimal Classification     SGT Dental Library SGT Dental Library 10/06/2008 U.B.S.DELHI 90.00 1 SGTU 1023   616.8 P2001S FD5295 09/02/2015 02/02/2013 Books
    Dewey Decimal Classification     SGT Dental Library SGT Dental Library 10/06/2008 U.B.S.DELHI 90.00 1 SGTU 1023   616.8 P2001S FD5296 09/02/2015 02/02/2013 Books
    Dewey Decimal Classification     SGT Dental Library SGT Dental Library 10/06/2008 U.B.S.DELHI 90.00 1 SGTU 1023   616.8 P2001S FD5297 09/02/2015 02/02/2013 Books
    Dewey Decimal Classification     SGT Dental Library SGT Dental Library 10/06/2008 U.B.S.DELHI 90.00 1 SGTU 1023   616.8 P2001S FD5298 09/02/2015 02/02/2013 Books
    Dewey Decimal Classification     SGT Dental Library SGT Dental Library 10/06/2008 U.B.S.DELHI 90.00 1 SGTU 1023   616.8 P2001S FD5299 09/02/2015 02/02/2013 Books